01084cam a22002654a 45000010009000000050017000090080041000260100015000670200043000820400023001250820017001481000034001652450120001992600033003193000034003525000084003865000026004705040033004966500051005296530025005806550024006059420017006299990017006469520155006631522617320141211105451.0080320t2008 gw d frb 001 0 eng d a2008925415 a9783540782643 (hardcover : alk. paper) aDLCcDLCdEG-ScBUE00222a382bZHA1 aZhang, Wei-Bin,d1961-93686610aInternational trade theory :bcapital, knowledge, economic structure, money, and prices over time /cWei-Bin Zhang. aBerlin :bSpringer,cc.2008. ax, 522 p. :bcharts ;c24 cm. aBased on the author's previous book: The theory of international trade. c.2000. aIndex : p. [507]-522. aBibliography : p. [483]-506. 0aInternational tradexEconometric models936867 bBUSADMcDecember2014 vreading book934232 2ddck382 ZHA c18752d18724 00102ddc40708BaccahaMAINbMAINc1STd2014-12-11epurchaseg910.00h20677l2m25o382 ZHAp000037149r2025-07-15 00:00:00s2019-09-08v1137.50yBB